01396cam a2200253 a 450000100090000000300050000900500170001400800410003101000170007202000350008904000180012404100180014205000220016008200160018210000230019813000410022124500610026225000120032326000440033530000370037950506320041665000420104870000520109014881721NUST20221028190736.0070606s2007 nyua bf 001 0 eng  a 2007930331 a9783540721215 (acidfree paper) aDLCcDLCdDLC1 aenghgerhrus00aQA40b.S6813 200700a510,BRO222 aBronshtein , I.N. 0 aSpravochnik po matematike.lEnglish.10aHandbook of mathematics /cI.N. Bronshtein ... [et al.]. a5th ed. aBerlin ;aNew York :bSpringer,cc2007. axliii, 1159 p. :bill. ;c21 cm. aArithmetic (Page-1), Functions (Page-47), Geometry (Page-128), Linear Algebra (Page-251), Algebra and Discrete Mathematics (Page-286), Differentiation (Page-379), Infinite Series (page-404), Integral Calculus (Page-Differential Equations (Page-487), Calculus of Variations (Page-552), Functional Analysis (Page-596), Vector Analysis and Vector Fields (Page-642), Function Theory (Page-671), Integral Transformations (Page-707), Probability Theory and Mathematical Statistics (Page-745), Optimization (Page-846), Numerical Analysis (Page-884), Computer Algebra Systems (Page-9530, Tables (Page-1010), Bibliography (Page-1098).  0aMathematicsvHandbooks, manuals, etc.1 aBronshteĭn, I. N.q(Ilʹi︠a︡ Nikolaevich)